| 000 | 00663nam a2200241Ia 4500 | ||
|---|---|---|---|
| 003 | OSt | ||
| 005 | 20221005085233.0 | ||
| 006 | a|||||r|||| 00| 0 | ||
| 007 | ta | ||
| 008 | 221004b |||||||| |||| 00| 0 eng d | ||
| 024 | _a18640 | ||
| 037 |
_bGift, 03/06/2015, _cTextual |
||
| 040 |
_aCRL _cCRL _beng |
||
| 041 |
_2eng _aeng |
||
| 082 | _aO111,3NHE,1, L5 | ||
| 100 | _aHeller Joseph | ||
| 245 | 0 | _aCatch - 22 | |
| 260 |
_aNew York _bDell publishing co. INC. U.S.A _c1975 |
||
| 300 |
_a462p. _ccm. |
||
| 650 | _aENGLISH LITERATURE | ||
| 942 |
_hO111,3NHE,1, L5 _cTEXL _2cc |
||
| 999 |
_c993935 _d993935 |
||